| 000 | 00426nam a22001577a 4500 | ||
|---|---|---|---|
| 020 | _a9780070530393 | ||
| 040 | _cNUST | ||
| 082 | _a621.31042 FIT | ||
| 100 |
_aFitzgerald, A.E. _940578 |
||
| 110 |
_akingsley, Charles. Umans, Stephen D. _9112443 |
||
| 245 | _aElectric Machinery | ||
| 250 | _a6th Edition | ||
| 260 |
_aNew Dehli: _bMcGraw Hill Education, _c2014. |
||
| 650 |
_aElectric Machinery _918388 |
||
| 942 |
_2ddc _cBK |
||
| 999 |
_c594808 _d594808 |
||